| 000 | 011340000a22002890004500 | ||
|---|---|---|---|
| 001 | 34 | ||
| 003 | CO-MdFUSB | ||
| 005 | 20160318153707.0 | ||
| 008 | 160318t18901890eng |f |||| 00| 0 eng d | ||
| 010 | _aCO-MdFUSB | ||
| 040 |
_cCO-MdFUSB _erda |
||
| 041 | 0 | _aENG | |
| 082 | 0 | 4 | _aR 220.2 S9231e |
| 100 | 1 | _aStrong, James H. | |
| 245 | 1 | 0 |
_aThe exhaustive concordance of the Bible _b: Showing every work of the text of the common english version of the canonical books _c / James Strong |
| 260 | _aNew York, USA : Hunt & Eaton | ||
| 264 |
_aNew York, USA _b: Hunt & Eaton _c1890 |
||
| 300 | _a1809 Pag. | ||
| 336 | _a5 | ||
| 337 |
_2rdamedia _a2 |
||
| 338 | _a2 | ||
| 500 | _aWith every ocurrence of each word in regular order; together with a comparative concordance of the authorized and revised versions, including american variations; also brief diccionaries of the hebrew and greek words of the original, wtih references to the english words. | ||
| 504 | _aIncluye referencias bibliográficas: páginas | ||
| 650 | 1 | 4 | _aBIBLIA - CONCORDANCIAS |
| 653 |
_aBIBLIA - CONCORDANCIA _aBIBLIA - CONCORDANCIA |
||
| 942 | _cBK | ||
| 999 |
_c31590 _d31590 |
||